Statistiken für Beste Premier League Torschützen Manchester United

Klicken Sie hier um das Quiz zu spielen!

Allgemein

  • Dieses Quiz wurde 119 mal gespielt
  • Das Durchschnittsergebnis liegt bei 22 aus 32

Antwortstatistiken

SaisonNationalitätToreSpieler% Korrekt
2007/08Portugal31Cristiano Ronaldo
100%
2008/09Portugal18Cristiano Ronaldo
100%
2006/07Portugal17Cristiano Ronaldo
100%
2021/22Portugal18Cristiano Ronaldo
100%
2022/23England17Marcus Rashford
93%
2019/20England17Marcus Rashford
93%
2014/15England12Wayne Rooney
89%
2013/14England17Wayne Rooney
89%
2011/12England27Wayne Rooney
89%
2009/10England26Wayne Rooney
89%
2015/16Frankreich11Anthony Martial
87%
2019/20Frankreich17Anthony Martial
87%
2017/18Frankreich9Anthony Martial
87%
2016/17Schweden17Zlatan Ibrahimović
87%
2020/21Portugal18Bruno Fernandes
85%
2012/13Niederlande26Robin van Persie
82%
2005/06Niederlande21Ruud van Nistelrooy
78%
2002/03Niederlande25Ruud van Nistelrooy
78%
2001/02Niederlande23Ruud van Nistelrooy
78%
2003/04Niederlande20Ruud van Nistelrooy
78%
2010/11Bulgarien21Dimitar Berbatov
66%
2018/19Frankreich13Paul Pogba
59%
1996/97Norwegen18Ole Gunnar Solskjær
53%
2004/05England9Paul Scholes
45%
1995/96Frankreich14Éric Cantona
40%
1993/94Frankreich18Éric Cantona
40%
1997/98England16Andy Cole
32%
1994/95England21Andy Cole
32%
1999/00Trinidad und Tobago20Dwight Yorke
29%
1998/99Trinidad und Tobago18Dwight Yorke
29%
2000/01England15Teddy Sheringham
22%
1992/93Wales15Mark Hughes
4%

Verteilung der Resultate

Perzentil nach korrekt beantworteten Fragen

Anzahl Personen mit jedem Resultat

Ihre Resultats-Entwicklung

Sie haben dieses Quiz noch nicht gespielt